| 000 | 00456nam a2200169 a 4500 | ||
|---|---|---|---|
| 005 | 20140310183437.0 | ||
| 008 | 080620s19uu xx 00 eng d | ||
| 020 | _a0452286530 | ||
| 050 |
_aPS 3556.O844 _b.F785 2005 |
||
| 100 | _aFowler, Karen Joy | ||
| 245 |
_aThe Jane Austen book club / _cKaren Joy Fowler. |
||
| 260 |
_aNew York : _bA Plume Book, _c2005. |
||
| 300 |
_a288 p. : _c19 cm. |
||
| 650 | _aFiction. | ||
| 942 |
_cBK _2lcc |
||
| 999 |
_c22954 _d22954 |
||